000 01505nam0a2200349 4500
001 RU\NLR\bibl\1502226
005 20260409074229.0
010 _a978-5-699-34136-8
_94000
021 _aRU
_b2010-20334
_9133д/2010
035 _a(NLR Aleph) 001493675
090 _a1776754
_c1776754
100 _a20100420d2010 u y0rusy50 ca
101 0 _arus
102 _aRU
105 _aabch|||||||||
200 1 _aШамбала. Сердце Азии
_fНиколай Рерих
210 _aМосква
_cЭксмо
_d2010
215 _a473, [2] с., [12] л. цв. ил., портр.
_cил., карт., портр., факс.
_d27
225 1 _aВеликие путешествия
517 0 _aСердце Азии
606 _aКосмизм (филос.)
_yРоссия
_z19 - 20 вв.
_3RU\NLR\auth\661287987
_92135955
606 1 _aНароды Средней Азии
_jВоспоминания, записки и т.п.
_xЭтнографические исследования
_91702509
_3RU\NLR\auth\66758031
607 _aЦентральная Азия
_xОписание и путешествия русские
_z20 в.
_92572906
_3RU\NLR\auth\661521414
686 _aТ52(257)7,013
686 _aД890(54,4)022
686 _aЮ3(2)6-677
700 1 _4070
_8rus
_7ca
_aРерих
_bН. К.
_f1874-1947
_gНиколай Константинович
_3RU\NLR\auth\774359
_9114340
801 0 _aRU
_bNLR
_c20100420
_gRCR
801 1 _aRU
_bNLR
_c20100420
942 _cBOOK
980 _aNB